Ballon d'Or - classement 2016 - Statistiques

Statistiques générales
  • Ce quiz a été pris 104 fois
  • Le résultat moyen est 27 sur 30
Statistiques - réponses
Poste Club Nationalité Rang Réponse % Correct
Attaquant Atlético Madrid France 3 Antoine Griezmann
100%
Attaquant Real Madrid Portugal 1 Cristiano Ronaldo
100%
Attaquant FC Barcelone Argentine 2 Lionel Messi
100%
Attaquant FC Barcelone Brésil 5 Neymar
100%
Attaquant Real Madrid Pays de Galles 6 Gareth Bale
99%
Gardien Juventus Italie 9 Gianluigi Buffon
99%
Gardien Tottenham France 27 Hugo Lloris
99%
Attaquant FC Barcelone Uruguay 4 Luis Suárez
99%
Milieu Real Madrid Croatie 18 Luka Modrić
99%
Milieu Manchester United France 14 Paul Pogba
99%
Milieu Real Madrid Allemagne 17 Toni Kroos
99%
Milieu Manchester City Belgique 21 Kevin De Bruyne
97%
Gardien Bayern Munich Allemagne 29 Manuel Neuer
97%
Attaquant Leicester Angleterre 8 Jamie Vardy
95%
Défenseur Real Madrid Portugal 10 Pepe
95%
Milieu Leicester Algérie 7 Riyad Mahrez
95%
Milieu FC Barcelone Espagne 25 Andrés Iniesta
94%
Attaquant Bayern Munich Pologne 16 Robert Lewandowski
94%
Attaquant Borussia Dortmund Gabon 11 Pierre-Emerick Aubameyang
93%
Attaquant Manchester United Suède 13 Zlatan Ibrahimović
93%
Milieu West Ham France 19 Dimitri Payet
90%
Attaquant Bayern Munich Allemagne 28 Thomas Müller
87%
Milieu Bayern Munich Chili 15 Arturo Vidal
86%
Attaquant Manchester City Argentine 20 Sergio Agüero
86%
Défenseur Atlético Madrid Uruguay 23 Diego Godín
82%
Attaquant Juventus Argentine 22 Paulo Dybala
77%
Défenseur Real Madrid Espagne 30 Sergio Ramos
77%
Milieu Atlético Madrid Espagne 26 Koke
75%
Attaquant Juventus Argentine 24 Gonzalo Higuaín
70%
Gardien Sporting CP Portugal 12 Rui Patrício
70%
Aucun quiz correspondant
Distribution des résultats
% des personnes avec chaque résultat
Percentile par nombre de réponses
Votre historique - résultats
Vous n’avez pas pris ce quiz